00514cam a2200145 i 4500020001800000040000800018082002600026245007000052300005300122500008200175650003100257700002200288700002300310710003500333 a9782070142590 cDLC a959 HAR 1985 A103 Or.00aAngkor :bnaissance d'un mythe : Louis Delaporte et le Cambodge / a299 pages :billustrations (some color) ;c30 cm aExhibition held at the Musée Guimet from October 16, 2013-January 13, 2014. 0aArchaeological expeditions1 aBaptiste, Pierre.1 aZéphir, Thierry.2 aMusée Guimet (Paris, France)